00246nam a2200097Ia 4500008004100000082001600041100002200057245002400079260003700103300000800140150731s2007 xx 000 0 und d a612bS 07 S aSHARMA, PRIYEDANT aSHARIR KRIYA VIGYAN bCHAUKHAMBHA PUB. NEW DELHIc2007 a671